Historia del Derecho Internacional / (Record no. 113246)

MARC details
000 -LEADER
campo de control de longitud fija 00852nam a2200205 4500
001 - NÚMERO DE CONTROL
campo de control 113246
003 - IDENTIFICADOR DE NÚMERO DE CONTROL
campo de control ES-MaACL
007 - CAMPO FIJO DE DESCRIPCIÓN FÍSICA--INFORMACIÓN GENERAL
campo de control de longitud fija t|
008 - DATOS DE LONGITUD FIJA--INFORMACIÓN GENERAL
campo de control de longitud fija 061121s1949 sp r ||||1| spa d
100 1# - ENTRADA PRINCIPAL--NOMBRE DE PERSONA
Nombre de persona Nussbaum, Arthur.
9 (RLIN) 86245
245 10 - MENCIÓN DEL TÍTULO
Título Historia del Derecho Internacional /
Mención de responsabilidad, etc. Arthur Nussbaum ; [traducción de Francisco Javier Osset] ; adiciones sobre Historia de la Doctrina Hispánica de Derecho Internacional por Luis García Arias.
260 ## - PUBLICACIÓN, DISTRIBUCIÓN, ETC.
Lugar de publicación, distribución, etc. Madrid :
Nombre del editor, distribuidor, etc. Revista de Derecho Privado,
Fecha de publicación, distribución, etc. 1949.
300 ## - DESCRIPCIÓN FÍSICA
Extensión 600 p. ;
Dimensiones 22 cm.
490 1# - MENCIÓN DE SERIE
Mención de serie Grandes tratados de derecho privado y público ;
Designación de volumen o secuencia 35
700 1# - ENTRADA AGREGADA--NOMBRE PERSONAL
Nombre de persona Osset, Francisco Javier.
9 (RLIN) 87784
700 1# - ENTRADA AGREGADA--NOMBRE PERSONAL
Nombre de persona García Arias, Luis.
9 (RLIN) 54185
830 00 - PUNTO DE ACCESO ADICIONAL DE SERIE-TÍTULO UNIFORME
Título uniforme Grandes tratados generales de derecho privado y público
Designación de volumen o secuencia 35
9 (RLIN) 233176
852 ## - LOCALIZACIÓN
Ubicación ES-MaACL
Número de control de estantería B-1902
Sublocalización o colección R.29177
Holdings
Estatus retirado Estado de pérdida Estado de daño No para préstamo Biblioteca de origen Biblioteca actual Ubicación en estantería Fecha de adquisición Fuente de adquisición Total de préstamos Signatura topográfica completa Código de barras Visto por última vez Precio de reemplazo Tipo de ítem Koha
        Biblioteca del Ateneo de Madrid Biblioteca del Ateneo de Madrid Sala Pardo Bazán 17/01/2008     B-1902 1118118 23/02/2023 23/02/2023 Libro impreso